000 00484nam a2200193Ia 4500
005 20240823020508.0
008 240823s9999||||xx |||||||||||||| ||und||
020 _a81-8054-158-4
041 _aENGLISH
082 _A658.15 P4
100 _aMaheshwari S N
245 0 _aFinancial Management
250 _a9th
260 _c2004
_b"Sultan chand & sons,New "
_aNew Delhi
500 _aYES
650 _afinancial Management
_bManagement Studies
942 _cBK
999 _c174886
_d174886